000 00528nam a22001817a 4500
005 20251108171904.0
008 250721s9999 xx 000 0 ara d
082 1 4 _a214/عثي
100 1 _aالعثيمين، محمد
_eمؤلف
245 1 0 _aرسائل في العقيدة /
264 1 _aالقاهرة :
_bمكتبة الإيمان،
_c[19-].
300 _a119 ص
650 1 7 _aالعقيدة الدينية
650 1 7 _aالإسلام
700 1 _aبيومي، محمد
_eed.
942 _2ddc
_cBK
999 _c65252
_d65252